000 00202nam a2200085Ia 4500
008 120527s9999 xx 000 0 und d
100 _aKalat, W. James
245 _aIntroduction to Psychology
942 _cBK
999 _c27554
_d27554